[Event "AUTO-OPEN-832"]
[Site "http://www.queenalice.com/game.php?id=272774"]
[Date "2007.9.17"]
[Round "1"]
[White "Gusbey"]
[Black "Jajer"]
[Result "1-0"]
[WhiteElo "1636"]
[BlackElo "1060"]

1. e4 d6 2. d4 c6 3. Nc3 Nf6 4. Nf3 Bg4 5. h3 Bxf3 6. Qxf3 e5 7. dxe5 dxe5 8.
Qd3 Qxd3 9. Bxd3 Bb4 10. Bd2 Bxc3 11. Bxc3 Nbd7 12. O-O Nc5 13. Rfe1 Nxd3 14.
cxd3 O-O 15. Bxe5 Rad8 16. Rad1 Nh5 17. g4 f6 18. Bh2 g6 19. gxh5 gxh5 20. Kh1
Kh8 21. e5 f5 22. e6 Rfe8 23. Re5 b5 24. Re3 a5 25. Rg1 h6 26. Be5+ Kh7 27. Reg3
Rxe6 28. Rg7+ Kh8 29. Rg8+ Kh7 30. R1g7# 1-0

[Event "AUTO-OPEN-832"]
[Site "http://www.queenalice.com/game.php?id=272797"]
[Date "2007.9.17"]
[Round "1"]
[White "Jerrylaine"]
[Black "Gusbey"]
[Result "1-0"]
[WhiteElo "1996"]
[BlackElo "1617"]

1. e4 e5 2. Nf3 Nc6 3. c3 Nf6 4. d4 d6 5. Be3 Nxe4 6. d5 Ne7 7. Qa4+ Qd7 8. Qxe4
Qf5 9. Qxf5 Bxf5 10. Bb5+ Bd7 11. Bxd7+ Kxd7 12. c4 g6 13. Nc3 a6 14. Ng5 f5 15.
Ne6 Nc8 16. a4 Nb6 17. Bxb6 cxb6 18. Nxf8+ Rhxf8 19. Kd2 Rfc8 20. Kd3 Rc7 21.
Rhe1 Rac8 22. b3 Ke7 23. h4 Kf6 24. Re2 h6 25. g3 g5 26. hxg5+ Kxg5 27. Rh1 Rh8
28. f4+ exf4 29. gxf4+ Kxf4 30. Rg1 Rhh7 31. Re3 Rhe7 32. Ne2# 1-0

[Event "AUTO-OPEN-832"]
[Site "http://www.queenalice.com/game.php?id=272798"]
[Date "2007.9.17"]
[Round "1"]
[White "Gusbey"]
[Black "Jerrylaine"]
[Result "0-1"]
[WhiteElo "1624"]
[BlackElo "2009"]

1. e4 c6 2. Nc3 d5 3. d3 d4 4. Nce2 e5 5. Nf3 Bg4 6. Ng3 g6 7. Be2 Bb4+ 8. Bd2
Qa5 9. a3 Bxd2+ 10. Qxd2 Qxd2+ 11. Nxd2 Be6 12. Rc1 c5 13. Nc4 Bxc4 14. dxc4 Nc6
15. O-O Nge7 16. h3 Rf8 17. f4 h5 18. f5 h4 19. f6 Nc8 20. Nh1 Nd6 21. Bd3 Kd7
22. Nf2 a6 23. Kh2 b5 24. cxb5 axb5 25. c3 c4 26. Be2 d3 27. Bg4+ Kc7 28. Rcd1
Rfd8 29. g3 hxg3+ 30. Kxg3 Ne8 31. Bf3 Nxf6 32. Rh1 Rd6 33. Ng4 Nh5+ 34. Kh4 Rh8
35. Nf2 g5+ 36. Kg4 Rf6 0-1

[Event "AUTO-OPEN-832"]
[Site "http://www.queenalice.com/game.php?id=272813"]
[Date "2007.9.17"]
[Round "1"]
[White "Gusbey"]
[Black "roqqk"]
[Result "1-0"]
[WhiteElo "1615"]
[BlackElo "1490"]

1. e4 e5 2. Nf3 d6 3. Bb5+ c6 4. Ba4 g6 5. O-O b5 6. Bb3 Nd7 7. d3 Ngf6 8. Ng5
d5 9. Nc3 h6 10. Nf3 Bc5 11. exd5 b4 12. Ne4 cxd5 13. Nxc5 Nxc5 14. Nxe5 Nxb3
15. axb3 Bf5 16. Re1 Qd6 17. Nc4+ Qe7 18. Rxe7+ Kxe7 19. Qe2+ Kf8 20. Nd6 h5 21.
Bg5 Ng4 22. Qe7+ Kg8 23. Qxf7# 1-0

[Event "AUTO-OPEN-832"]
[Site "http://www.queenalice.com/game.php?id=272814"]
[Date "2007.9.17"]
[Round "1"]
[White "roqqk"]
[Black "Gusbey"]
[Result "0-1"]
[WhiteElo "1507"]
[BlackElo "1623"]

1. e4 e5 2. Nf3 Nc6 3. Bc4 Qe7 4. O-O d6 5. d4 Nf6 6. Ng5 Nxd4 7. Nxf7 Be6 8.
Bxe6 Qxe6 9. Nxh8 O-O-O 10. c3 Nc6 11. Bg5 Be7 12. Bxf6 Bxf6 13. Na3 Rxh8 14.
Nb5 a6 15. Na3 Rf8 16. Qd3 Bh4 17. Rad1 Qxa2 18. Qh3+ Kb8 19. Qxh4 Qxb2 20. Ra1
Rf4 21. Qxh7 Ne7 22. f3 Nc6 23. Qxg7 Na5 24. g3 Rxf3 25. Rfb1 Qxc3 26. Rc1 Qd4+
27. Kh1 Rc3 28. Qf8+ Ka7 29. Nb5+ axb5 30. Rxa5+ Kb6 31. Rca1 Qxe4+ 32. Kg1 Qe3+
33. Kh1 Rc1+ 34. Kg2 Qe4+ 35. Qf3 Rc2+ 36. Kh3 Qxf3 37. R5a2 Qg2+ 38. Kg4 Rxa2
39. Rd1 Qe2+ 0-1

[Event "AUTO-OPEN-833"]
[Site "http://www.queenalice.com/game.php?id=273377"]
[Date "2007.9.18"]
[Round "1"]
[White "Caisso"]
[Black "Gusbey"]
[Result "1/2-1/2"]
[WhiteElo "2125"]
[BlackElo "1623"]

1. e4 e5 2. Nf3 Nc6 3. Bb5 a6 4. Ba4 b5 5. Bb3 Na5 6. c3 Nxb3 7. Qxb3 Bb7 8.
Nxe5 Qe7 9. d4 d6 10. Ng4 Qxe4+ 11. Ne3 Nf6 12. Nd2 Qg6 13. a4 Be7 14. axb5 O-O
15. bxa6 Bxa6 16. c4 Bxc4 17. Qxc4 Rxa1 18. Qxc7 Bd8 19. Qc6 Ba5 20. O-O Bxd2
21. Bxd2 Rxf1+ 22. Nxf1 h6 23. Qxd6 Ra8 24. g3 Qb1 25. Kg2 Ra1 26. Qb8+ Kh7 27.
Qb5 Nd5 28. Qe2 Qd1 29. Qxd1 Rxd1 30. f4 Rb1 31. b4 Nxb4 32. Bxb4 Rxb4 33. d5
Rd4 34. Ne3 f6 35. Kf3 g5 36. Kg4 Kg6 37. Kf3 Rd2 38. Ke4 Rxh2 39. d6 Ra2 40. d7
Ra8 41. Nc4 Rd8 42. Nb6 f5+ 43. Ke5 gxf4 44. Kxf4 Kf6 1/2-1/2

[Event "AUTO-OPEN-833"]
[Site "http://www.queenalice.com/game.php?id=273378"]
[Date "2007.9.18"]
[Round "1"]
[White "Gusbey"]
[Black "Caisso"]
[Result "0-1"]
[WhiteElo "1636"]
[BlackElo "2105"]

1. e4 e6 2. d4 d5 3. e5 c5 4. Nf3 Nc6 5. c3 Bd7 6. Bd3 cxd4 7. cxd4 Qb6 8. Bc2
Bb4+ 9. Bd2 Nxd4 10. Nxd4 Qxd4 11. Nc3 Qxe5+ 12. Qe2 Qxe2+ 13. Nxe2 Bxd2+ 14.
Kxd2 Nf6 15. f3 O-O 16. Rac1 Rac8 17. Bd3 Rxc1 18. Rxc1 Rc8 19. Rxc8+ Bxc8 20.
Nd4 a6 21. a3 Kf8 22. g4 h6 23. h4 Ke7 24. Kc3 Kd6 25. Kb4 e5 26. Nf5+ Bxf5 27.
Bxf5 e4 28. fxe4 dxe4 29. g5 hxg5 30. hxg5 Nd5+ 31. Kc4 Ke5 32. g6 f6 33. Bg4 f5
34. Bd1 Ne3+ 0-1

[Event "AUTO-OPEN-833"]
[Site "http://www.queenalice.com/game.php?id=273405"]
[Date "2007.9.18"]
[Round "1"]
[White "Gusbey"]
[Black "reijf_Dornelas"]
[Result "0-1"]
[WhiteElo "1607"]
[BlackElo "1838"]

1. e4 e5 2. Nf3 d6 3. Nc3 c6 4. Be2 Nf6 5. h3 g6 6. O-O Bg7 7. d4 exd4 8. Qxd4
O-O 9. e5 dxe5 10. Qxd8 Rxd8 11. Nxe5 Nd5 12. Nf3 Nxc3 13. bxc3 Bxc3 14. Rb1 b5
15. Bb2 Bxb2 16. Rxb2 Na6 17. Rd1 Bb7 18. c4 Rxd1+ 19. Bxd1 b4 20. Ne5 c5 21.
Rd2 Re8 22. Nd7 Re1+ 23. Kh2 Nc7 24. Nxc5 Ba8 25. Bf3 Bxf3 26. gxf3 Ne6 27. Na6
Rc1 28. Nxb4 Rxc4 29. Nd5 Ng5 30. Kg2 Ne6 31. Ne3 Rc3 32. Nd5 Ng5 33. Nxc3 Kg7
34. Rd7 a5 35. Ra7 Ne6 36. Rxa5 Kf8 37. a4 Ke7 38. Rb5 Kd7 39. Ne4 Kc7 40. Nc5
Nd4 41. Rb1 Kc6 42. Ne4 f5 43. Nc3 Ne6 44. a5 Nc5 0-1

[Event "AUTO-OPEN-833"]
[Site "http://www.queenalice.com/game.php?id=273406"]
[Date "2007.9.18"]
[Round "1"]
[White "reijf_Dornelas"]
[Black "Gusbey"]
[Result "1-0"]
[WhiteElo "1845"]
[BlackElo "1600"]

1. e4 e5 2. Nf3 Nc6 3. Bc4 Nf6 4. d3 Bc5 5. Ng5 Rf8 6. O-O h6 7. Nf3 d5 8. exd5
Nxd5 9. c3 Bg4 10. h3 Bh5 11. Nbd2 f5 12. Re1 Qd6 13. Bb5 O-O-O 14. Bxc6 Qxc6
15. Qb3 Bxf2+ 16. Kxf2 Qc5+ 17. d4 exd4 18. cxd4 Qb4 19. a3 Qxb3 20. Nxb3 b6 21.
Re5 Nf4 22. Bxf4 g5 23. Bh2 f4 24. Re6 Bf7 25. Rxh6 Bxb3 26. Rh5 Rd5 27. Rxg5
Rxg5 28. Nxg5 Rd8 29. Bxf4 Rxd4 30. g3 c5 31. Re1 Ba4 32. Re8+ Bxe8 33. Ne6 Rc4
34. Nc7 Bd7 35. h4 Rc2+ 36. Kf3 Rxb2 37. Nd5 Rb3+ 38. Ke4 Bc6 39. Ke5 Bxd5 40.
g4 Bg8 41. h5 Rxa3 42. h6 Ra4 43. g5 Bh7 44. Bd2 Ra2 45. Bf4 1-0

[Event "AUTO-OPEN-833"]
[Site "http://www.queenalice.com/game.php?id=273407"]
[Date "2007.9.18"]
[Round "1"]
[White "Gusbey"]
[Black "ezequiel_2001"]
[Result "0-1"]
[WhiteElo "1636"]
[BlackElo "1803"]

1. e4 c5 2. Nc3 d6 3. Nf3 Nf6 4. d4 cxd4 5. Qxd4 Nc6 6. Qa4 Bd7 7. Qc4 a6 8. Qd3
Nb4 9. Qd1 g6 10. a3 Nc6 11. Be2 Bg7 12. O-O O-O 13. Be3 Ng4 14. Bf4 e5 15. Bd2
Nf6 16. h3 Nd4 17. Bd3 Nxf3+ 18. Qxf3 Rc8 19. Bg5 Bc6 20. Qe3 Qd7 21. Bh6 Nh5
22. Be2 Nf4 23. Bg4 f5 24. exf5 Rxf5 25. Bxg7 Kxg7 26. Bxf5 Qxf5 27. f3 Qg5 28.
Kf2 Qh4+ 29. g3 Nxh3+ 30. Ke2 Qxg3 31. Ne4 Nf4+ 32. Kd2 Bxe4 33. fxe4 Rxc2+ 0-1

[Event "AUTO-OPEN-833"]
[Site "http://www.queenalice.com/game.php?id=273408"]
[Date "2007.9.18"]
[Round "1"]
[White "ezequiel_2001"]
[Black "Gusbey"]
[Result "1-0"]
[WhiteElo "1853"]
[BlackElo "1636"]

1. d4 Nf6 2. c4 d5 3. Nc3 e6 4. Nf3 Bb4 5. Qa4+ Qd7 6. Qxb4 Nc6 7. Qa3 dxc4 8.
e3 Qe7 9. Qxe7+ Nxe7 10. Bxc4 O-O 11. Ne5 Ne8 12. O-O f6 13. Nf3 Nd6 14. Bb3 Kf7
15. Bd2 b6 16. d5 Rd8 17. Nd4 e5 18. Nc6 Nxc6 19. dxc6+ Kf8 20. Nd5 a5 21. Nxc7
Ra7 22. Ne6+ Bxe6 23. Bxe6 Rc7 24. Rac1 Ne4 25. Bxa5 bxa5 26. Bd7 Nd6 27. Rfd1
Nc8 28. Rc3 Nb6 29. Rdc1 Nxd7 30. cxd7 Rcxd7 31. g3 Rd1+ 32. Rxd1 Rxd1+ 33. Kg2
Rd2 34. Rb3 a4 35. Rb7 a3 36. bxa3 Rxa2 37. Ra7 h6 38. a4 g5 39. a5 f5 40. a6 f4
41. gxf4 gxf4 42. exf4 exf4 43. h3 Ra3 44. h4 h5 45. Rh7 Rxa6 46. Rxh5 Kg7 47.
Rg5+ Kh6 48. Rf5 Ra4 49. Kf3 Kg6 50. Rxf4 Rxf4+ 51. Kxf4 Kh5 52. Kg3 Kg6 53. Kg4
Kf6 54. h5 Kg7 55. Kg5 Kh7 56. f4 1-0

[Event "AUTO-OPEN-834"]
[Site "http://www.queenalice.com/game.php?id=273908"]
[Date "2007.9.19"]
[Round "1"]
[White "Artking"]
[Black "Gusbey"]
[Result "1-0"]
[WhiteElo "1867"]
[BlackElo "1697"]

1. e4 e5 2. Nf3 Nc6 3. Bb5 a6 4. Ba4 b5 5. Bb3 Bb7 6. c3 Nf6 7. d3 Be7 8. O-O
O-O 9. Nbd2 d5 10. a4 d4 11. Nh4 Nxe4 12. Nf5 Nd6 13. Nxe7+ Nxe7 14. f4 Ndf5 15.
Nf3 Nc6 16. fxe5 Nxe5 17. Nxe5 Ne3 18. Bxe3 Bd5 19. Bxd4 Kh8 20. axb5 axb5 21.
Rxa8 Bxa8 22. Nxf7+ Rxf7 23. Rxf7 h6 24. Rxg7 1-0

[Event "AUTO-OPEN-834"]
[Site "http://www.queenalice.com/game.php?id=273909"]
[Date "2007.9.19"]
[Round "1"]
[White "Gusbey"]
[Black "Artking"]
[Result "0-1"]
[WhiteElo "1613"]
[BlackElo "1876"]

1. e4 c5 2. d4 cxd4 3. Qxd4 a6 4. Nf3 d6 5. h3 Nc6 6. Qd2 g6 7. b3 Bg7 8. Nc3
Nf6 9. Bb2 Nxe4 10. Qe3 Nf6 11. Ne4 Qa5+ 12. Bc3 Nb4 13. Bd3 Nxe4 14. Bxb4 Qxb4+
15. Nd2 Nxd2 16. Qxd2 Qxd2+ 17. Kxd2 Bxa1 18. Rxa1 e6 19. Re1 b5 20. c4 bxc4 21.
Bxc4 Bb7 22. g3 Ke7 23. Rc1 Rac8 24. Be2 Rxc1 25. Kxc1 Rc8+ 26. Kb2 a5 27. f4
Be4 28. Bd1 d5 29. g4 d4 0-1

[Event "AUTO-OPEN-834"]
[Site "http://www.queenalice.com/game.php?id=273930"]
[Date "2007.9.19"]
[Round "1"]
[White "Gusbey"]
[Black "wonderknight"]
[Result "0-1"]
[WhiteElo "1607"]
[BlackElo "1411"]

1. e4 e6 2. d4 d5 3. e5 c5 4. Nf3 Nc6 5. Bb5 Qb6 6. Bxc6+ bxc6 7. dxc5 Bxc5 8.
O-O Ba6 9. Ng5 Bxf1 10. Kxf1 Bxf2 11. Qf3 Nh6 12. Qxf2 Qb5+ 13. Qe2 Ke7 14. Qxb5
cxb5 15. Nc3 a6 16. Ne2 Nf5 17. b3 Kd7 18. a4 b4 19. a5 Rac8 20. Ra2 Rc7 21. Nf3
Rhc8 22. Ne1 f6 23. exf6 gxf6 24. Bd2 e5 25. Kf2 Rg8 26. Bxb4 Nh4 27. g3 Ng6 28.
Nc3 Ke6 29. Nd3 Rgc8 30. Na4 Rxc2+ 31. Rxc2 Rxc2+ 32. Kg1 Kf5 33. Nf2 d4 34. Nc5
Rb2 35. Nxa6 Rxb3 36. Kf1 e4 37. Bd6 e3 38. g4+ Kg5 39. Ne4+ Kxg4 40. Nxf6+ Kf3
41. Bg3 Rb1+ 0-1

[Event "AUTO-OPEN-834"]
[Site "http://www.queenalice.com/game.php?id=273931"]
[Date "2007.9.19"]
[Round "1"]
[White "wonderknight"]
[Black "Gusbey"]
[Result "1-0"]
[WhiteElo "1497"]
[BlackElo "1607"]

1. e4 e5 2. Nf3 Nc6 3. Bb5 a6 4. Ba4 b5 5. Bb3 Nf6 6. O-O Bc5 7. d3 O-O 8. Bg5
h6 9. Bh4 d6 10. Nbd2 Nd4 11. c3 Nxb3 12. axb3 Bb7 13. b4 Bb6 14. Re1 Re8 15. c4
Bd4 16. Nxd4 exd4 17. Nf3 c5 18. bxc5 Qc7 19. cxd6 Qxd6 20. e5 Qc6 21. exf6
Rxe1+ 22. Qxe1 Re8 23. Qd2 Qd7 24. fxg7 Kxg7 25. b3 Ra8 26. Qf4 Qe6 27. Nxd4 Qg6
28. Qg3 Qxg3 29. Bxg3 Rd8 30. Rd1 Kg6 31. Nf3 f6 32. d4 bxc4 33. bxc4 Rd7 34. d5
a5 35. h3 a4 36. Nd4 Ba6 37. Nb5 f5 38. Ra1 Bxb5 39. cxb5 Rxd5 40. b6 Rb5 41.
Bc7 Rb4 42. Rxa4 Rxa4 43. b7 Rb4 44. b8=Q Rxb8 45. Bxb8 h5 46. g3 Kg5 47. Kg2
Kg6 48. Kf3 Kg5 49. Bd6 Kg6 50. Kf4 Kf6 51. g4 Ke6 52. gxh5 Kxd6 53. h6 1-0

[Event "AUTO-OPEN-834"]
[Site "http://www.queenalice.com/game.php?id=273932"]
[Date "2007.9.19"]
[Round "1"]
[White "Gusbey"]
[Black "Caisso"]
[Result "0-1"]
[WhiteElo "1636"]
[BlackElo "2104"]

1. e4 e6 2. d4 d5 3. Nc3 Nf6 4. e5 Nfd7 5. Nf3 c5 6. Bb5 a6 7. Bxd7+ Bxd7 8. O-O
Nc6 9. a3 cxd4 10. Ne2 Qc7 11. Nexd4 Nxe5 12. Bf4 Nxf3+ 13. Qxf3 Bd6 14. Bxd6
Qxd6 15. Rfe1 O-O 16. b3 Rac8 17. a4 Rc7 18. Re2 Rfc8 19. Rc1 Rc3 20. Re3 Qb4
21. Ne2 Rxc2 22. Rf1 d4 23. Qe4 e5 24. h3 Qd2 25. Rg3 Qxe2 26. Qxe2 Rxe2 27. f4
e4 28. Rg5 Rcc2 0-1

[Event "AUTO-OPEN-834"]
[Site "http://www.queenalice.com/game.php?id=273933"]
[Date "2007.9.19"]
[Round "1"]
[White "Caisso"]
[Black "Gusbey"]
[Result "1-0"]
[WhiteElo "2091"]
[BlackElo "1617"]

1. d4 d5 2. c4 dxc4 3. Nc3 e6 4. e3 Nf6 5. Bxc4 b6 6. Nf3 Bb4 7. Bd2 Ba6 8. Bxa6
Nxa6 9. Qa4+ Qd7 10. Qxa6 O-O 11. Ne5 Qd6 12. O-O Nd5 13. Nb5 Qe7 14. Nc6 1-0

[Event "Challenge"]
[Site "http://www.queenalice.com/game.php?id=285290"]
[Date "2007.10.12"]
[Round "-"]
[White "Gusbey"]
[Black "technicaldraw"]
[Result "0-1"]
[WhiteElo "1628"]
[BlackElo "1904"]

1. e4 e6 2. Nf3 d5 3. e5 c5 4. c3 Nc6 5. d4 Bd7 6. Bb5 a6 7. Ba4 b5 8. Bc2 cxd4
9. cxd4 Rc8 10. a3 Qc7 11. Nc3 b4 12. Ne2 a5 13. O-O Nge7 14. Nf4 Ng6 15. Nxg6
hxg6 16. Bd2 Nxd4 17. Nxd4 Qxe5 18. Nf3 Qxb2 19. Qc1 Qxc2 20. Qxc2 Rxc2 21. Rac1
Rxc1 22. Rxc1 bxa3 23. Bxa5 Bd6 24. h3 e5 25. Rb1 O-O 26. Ne1 Ra8 27. Bc3 a2 28.
Ra1 d4 29. Bb2 Bf5 30. Nf3 f6 31. Nd2 Bb4 32. Nb3 Bc3 33. Bxc3 dxc3 34. Nc1 Bb1
35. Kf1 c2 36. Ke2 Kf7 37. Ke3 Ke6 38. f4 Ra3+ 0-1

[Event "Challenge"]
[Site "http://www.queenalice.com/game.php?id=285811"]
[Date "2007.10.13"]
[Round "-"]
[White "technicaldraw"]
[Black "Gusbey"]
[Result "1/2-1/2"]
[WhiteElo "1930"]
[BlackElo "1623"]

1. e4 e5 2. Nf3 Nc6 3. Bb5 f6 4. Bxc6 bxc6 5. Nxe5 g6 6. Nf3 Bb7 7. O-O Bd6 8.
d4 c5 9. d5 Qe7 10. Re1 O-O-O 11. c4 Re8 12. Qa4 a6 13. Nc3 Qg7 14. Bd2 Ne7 15.
a3 g5 16. b4 cxb4 17. axb4 c6 18. b5 axb5 19. cxb5 cxd5 20. exd5 Kd8 21. Qa5+
Bc7 22. b6 Bb8 23. Ne4 Nxd5 24. Nc5 Bc6 25. b7+ Nc7 26. Na6 Bxb7 27. Nxc7 Bxc7
28. Qa8+ Bxa8 29. Rxa8+ Bb8 30. Rxb8+ Kc7 31. Rbxe8 Rxe8 32. Rxe8 Qg6 33. Ba5+
Kc6 34. Re1 g4 35. Nd4+ Kb7 36. g3 Qd3 37. Ne2 d5 38. Nf4 Qb5 39. Bc3 Qc6 40.
Rb1+ Ka6 41. Bxf6 Qxf6 42. Nxd5 Qf5 43. Nc7+ Ka7 1/2-1/2

[Event "Me gusta ajadres"]
[Site "http://www.queenalice.com/game.php?id=286788"]
[Date "2007.10.15"]
[Round "-"]
[White "Gusbey"]
[Black "marathon"]
[Result "0-1"]
[WhiteElo "1607"]
[BlackElo "1627"]

1. e4 e5 2. Nf3 Nc6 3. d4 d5 4. Bb5 a6 5. Bxc6+ bxc6 6. Nxe5 Qf6 7. exd5 cxd5 8.
O-O Bd6 9. Re1 Ne7 10. Nc3 O-O 11. b3 Be6 12. Nf3 h6 13. Bb2 Nf5 14. Ne2 Qg6 15.
Qd2 Ne7 16. h3 Bxh3 17. Ng3 Be6 18. Ne5 Qf6 19. Re2 Nf5 20. Nxf5 Qxf5 21. f3 Qh5
22. g4 Qh4 23. Rh2 Qf6 24. Qd3 Qf4 25. Bc1 Qg3+ 26. Rg2 Qe1+ 27. Qf1 Qh4 28. Qe2
Rfe8 29. Bf4 Qd8 30. g5 hxg5 31. Bxg5 Be7 32. Bh6 g6 33. Nxg6 fxg6 34. Rxg6+ Kf7
35. Qg2 Rh8 36. Rg7+ Ke8 37. Qg6+ Kd7 38. Re1 Kc6 39. Rxe6+ Bd6 40. Bf4 Rg8 41.
Bxd6 cxd6 42. Rxg8 Qxg8 43. Qxg8 Rxg8+ 44. Kf2 Rh8 45. f4 Rh2+ 46. Kf3 Rxc2 47.
Re2 Rc3+ 48. Re3 Rc1 49. f5 Rh1 50. Kg4 Rh2 51. a4 Rg2+ 52. Rg3 Rd2 53. Kg5 Rxd4
54. Rf3 Kd7 55. Kg6 Ke7 56. f6+ Kf8 57. f7 Rg4+ 58. Kf6 d4 59. b4 Rg7 60. Ke6
Rg6+ 61. Rf6 Rxf6+ 62. Kxf6 d3 63. b5 axb5 64. axb5 d2 65. b6 d1=Q 0-1

[Event "Challenge"]
[Site "http://www.queenalice.com/game.php?id=287335"]
[Date "2007.10.16"]
[Round "-"]
[White "Gusbey"]
[Black "averroes02"]
[Result "1-0"]
[WhiteElo "1590"]
[BlackElo "1576"]

1. e4 e6 2. Nf3 c5 3. d4 cxd4 4. Qxd4 Nc6 5. Qd1 Nf6 6. Nc3 Bb4 7. Bd2 O-O 8. e5
Ng4 9. Qe2 Qc7 10. Nb5 Bxd2+ 11. Nxd2 1-0

[Event "Challenge"]
[Site "http://www.queenalice.com/game.php?id=292746"]
[Date "2007.10.25"]
[Round "-"]
[White "RicardoSilva"]
[Black "Gusbey"]
[Result "0-1"]
[WhiteElo "1262"]
[BlackElo "1605"]

1. e4 e5 2. Nh3 Nf6 3. Ng5 h6 4. Nh3 d6 5. Bb5+ Bd7 6. Bxd7+ Qxd7 7. c4 Nxe4 8.
d3 Nc5 9. b4 Ne6 10. O-O Be7 11. b5 O-O 12. Nc3 Bf6 13. Nd5 Bd8 14. a4 a6 15.
bxa6 Rxa6 16. a5 c6 17. Nb4 Rxa5 18. Rxa5 Bxa5 19. Bd2 c5 20. Nd5 Bxd2 21. Qxd2
Nc7 22. Nb6 Qc6 23. Qb2 Nba6 24. Ra1 Nb4 25. f4 Qxb6 26. f5 Ra8 27. Nf2 Rxa1+
28. Qxa1 Qa6 29. Qxa6 Nbxa6 30. Ne4 Ne8 31. g4 Nb4 32. Nf2 g6 33. fxg6 fxg6 34.
Kg2 g5 35. h3 Nf6 0-1

[Event "Challenge"]
[Site "http://www.queenalice.com/game.php?id=295803"]
[Date "2007.10.31"]
[Round "-"]
[White "Gusbey"]
[Black "lezeu63"]
[Result "1-0"]
[WhiteElo "1587"]
[BlackElo "1639"]

1. e4 e5 2. Nf3 Nc6 3. Bb5 Nf6 4. Bxc6 dxc6 5. d3 Bc5 6. O-O Bg4 7. h3 Bxf3 8.
Qxf3 O-O 9. Be3 Bxe3 10. Qxe3 Qd4 11. Qxd4 exd4 12. Nd2 Rae8 13. Nf3 Re6 14.
Nxd4 Re5 15. Rfe1 g6 16. Re3 Kg7 17. Rae1 Rd8 18. Nf3 Rb5 19. b3 h6 20. R3e2 g5
21. e5 Nd5 22. c4 Nc3 23. cxb5 Nxe2+ 24. Rxe2 Rxd3 25. bxc6 bxc6 26. e6 fxe6 27.
Rxe6 c5 28. Re7+ Kf6 29. Rxc7 Rc3 30. Rxa7 Rc1+ 31. Kh2 Kf5 32. g3 Ke4 33. Kg2
Rc3 34. Nd2+ Kf5 35. Rc7 Rc2 36. Nc4 Rxa2 37. Rxc5+ Ke4 38. b4 Kd4 39. Ne5 Rb2
40. Nc6+ Kd3 41. b5 Ke2 42. Ne5 Rd2 43. Rc6 Ke1 44. Ng4 h5 45. Re6+ Re2 46.
Rxe2+ Kxe2 47. Nf6 h4 48. gxh4 gxh4 49. b6 1-0

[Event "Alibaba"]
[Site "http://www.queenalice.com/game.php?id=300606"]
[Date "2007.11.8"]
[Round "-"]
[White "Gusbey"]
[Black "Equiferus"]
[Result "0-1"]
[WhiteElo "1605"]
[BlackElo "1629"]

1. e4 c5 2. Nf3 d6 3. Nc3 Nf6 4. d3 g6 5. Be2 Bg7 6. O-O O-O 7. e5 Ng4 8. h3
Nxe5 9. Nxe5 Bxe5 10. Bh6 Re8 11. Qd2 Nc6 12. Rab1 Nd4 13. Ne4 d5 14. Ng5 Bf4
15. Qd1 Qd6 16. g3 Bxg3 17. Nxf7 Bh2+ 18. Kh1 Kxf7 19. Bg4 Bf4 20. Bxf4 Qxf4 21.
c3 h5 22. Bxh5 Rh8 23. cxd4 Rxh5 0-1

[Event "Play again"]
[Site "http://www.queenalice.com/game.php?id=305404"]
[Date "2007.11.17"]
[Round "-"]
[White "marathon"]
[Black "Gusbey"]
[Result "1-0"]
[WhiteElo "1639"]
[BlackElo "1594"]

1. d4 d5 2. h3 Nc6 3. Nf3 e6 4. a3 Nf6 5. Bg5 h6 6. Bh4 Be7 7. Bxf6 Bxf6 8. e3
O-O 9. Be2 Re8 10. c3 e5 11. dxe5 Nxe5 12. Nxe5 Rxe5 13. Nd2 c6 14. Nf3 Re7 15.
Bd3 c5 16. Bc2 c4 17. O-O b5 18. Qd2 Bb7 19. Rfd1 Qc7 20. Nd4 Bc6 21. Nxc6 Qxc6
22. Qxd5 Qxd5 23. Rxd5 Re5 24. Rad1 Rxd5 25. Rxd5 1-0